000 00629nam a22002177a 4500
003 UA-OsUOA
001 111838
007 ta
008 20150608b un ||||| |||| 00| 0 ukr d
100 _aКлочек Г.
090 _a82
_bК50
942 _cSA
040 _aUA-OsUOA
_bukr
_cUA-OsUOA
_dUA-OsUOA
245 _aІнтерпритація поезій Павла Тичини
300 _aС.16-25
955 _a0
041 _aukr
080 _a82
773 0 _w111837
_tУкраїнська мова та література
_dК.
_d2015
_g10
650 7 _a82 Література. Літературознавство
_2UDC
999 _c397989
_d397989